| 000 | 00466pab a2200157 454500 | ||
|---|---|---|---|
| 008 | 180718b2006 xxu||||| |||| 00| 0 eng d | ||
| 100 | _aBhowmik, Debesh | ||
| 245 | _aNew horizon in international financial institutions and stability in the international monetary system | ||
| 260 | _c2006 | ||
| 300 | _ap.18-27. | ||
| 362 | _aJul-Dec | ||
| 650 | _aInternational monetary systems | ||
| 773 | _aPolitical Economy Journal of India | ||
| 908 | _aN | ||
| 909 | _a73519 | ||
| 999 |
_c73519 _d73519 |
||